Harry Potter Name Match Quiz Stats

 Plays Quiz not verified by Sporcle

Score 0/20 Timer 03:00
0 Plays Today
% Correct
Charity
97.3%
Fenrir
96.6%
Hannah
96.6%
Antonin
95.9%
Penelope
95.9%
Hepzibah
95.2%
Pius
95.2%
Romilda
95.2%
Justin
95.2%
Marcus
95.2%
% Correct
Elphias
94.6%
Stan
94.6%
Irma
93.9%
Reg
93.2%
Cuthbert
93.2%
Walden
90.5%
Emmeline
89.8%
Augustus
89.1%
Anthony
88.4%
Dirk
87.8%

You're not logged in!

Compare scores with friends on all Sporcle quizzes.
OR
Log In

Sporcle TV

Today on Sporcle TV


Watch our educational content, quiz creation guides, and fun videos on Sporcle TV.

Show Comments

Extras

Created Aug 28, 2015ReportNominate
Tags:Harry Potter Quiz

Top Quizzes Today


Score Distribution

Your Account Isn't Verified!

In order to create a playlist on Sporcle, you need to verify the email address you used during registration. Go to your Sporcle Settings to finish the process.

Report this User

Report this user for behavior that violates our Community Guidelines.

Details: